| 000 | 00470nam a22001457a 4500 | ||
|---|---|---|---|
| 003 | SGT | ||
| 082 |
_a617.645 _bC23J |
||
| 100 | _aJyotsana | ||
| 245 |
_aClinical evaluation of the maximum bite force in single implant supported Prosthesis versus Natural Dentition _bA split mouth study |
||
| 260 |
_aGurugram, Haryana _bSGT University _c2023 |
||
| 300 | _a61 | ||
| 650 | _aProsthodontics | ||
| 653 | _aProsthodontics, Crown Bridge and Oral Implantology | ||
| 942 |
_2ddc _cTH |
||
| 999 |
_c23728 _d23728 |
||